000 00492nam a2200181 i 4500
001 C2-0273942
003 PPAK
005 20180729000424.0
008 060913s2004 xx |||| ||||| | eng d
040 _aPPAK
_beng
_cPPAK
_erda
245 0 0 _aPingu goes fishing
264 1 _a[place of publication not identified] :
_bThe Pygos Group ,
_c2004
336 _2rdacontent
_atext
337 _2rdamedia
_aunmediated
338 _2rdacarrier
_avolume
500 _aVCD 0949/06
942 _2ddc
_cVCD
999 _c165171
_d165171